000 00548nam a2200193Ia 4500
999 _c36252
_d36252
003 OSt
005 20201217125733.0
008 190216s9999||||xx |||||||||||||| ||und||
020 _a9780194314459
040 _coclc
082 _a423
_bHOR/O
100 _aHornby, A S
_97630
245 0 _aOxford Advanced Learner's Dictionary /
_cA S Hornby
250 _a5th Ed.
260 _bOxford University Press,
_c1996.
_aNew York:
300 _a1576p
650 _aEnglish Dictionary
942 _cREF
_2ddc
_h423
_iHOR/O
_k423
_mHOR/O